000 00957nam a2200229Ia 4500
003 BUBTL
008 151213s9999 xx 000 0 und d
041 _aবাংলা ও ইংরেজী
082 _a346.022/ K5271l/ 2007
100 _aখান, অধ্যাপক মোহাম্মদ ফারুক
_95529
245 _aচুক্তি আইন/ (অংশীদারী ও পণ্যবিক্রয় আইনসহ) :
_cঅধ্যাপক মোহাম্মদ ফারুক খান
250 _a৬ষ্ট সং
260 _aঢাকা
_bডাইনামিক পাবলিকেশন্স।
_cc2007
300 _a536 p. :
_bill. ; 21 cm .
526 _aLaw
650 _aLaw
650 _a
700 _aঅধ্যাপক মোহাম্মদ ফারুক থান
_95530
856 _k0
_l0
_yDownload
942 _2ddc
_cBK
999 _c3164
_d3164